Английский для технологов общественного питания = English for Catering Industry учебное пособие
Представлен комплекс прикладного материала по дисциплинам «Иностранный язык (английский)» и «Профессиональный иностранный язык (английский)». Издание содержит аутентичный текстовый материал, профессионально ориентированные тексты, упражнения, терминологический вокабуляр. Предназначено для аудиторной...
محفوظ في:
| المؤلف الرئيسي: | |
|---|---|
| التنسيق: | Книга |
| الموضوعات: | |
| الوصول للمادة أونلاين: | Перейти к просмотру издания |
| الوسوم: |
إضافة وسم
لا توجد وسوم, كن أول من يضع وسما على هذه التسجيلة!
|
| LEADER | 02473nam0a2200373 4500 | ||
|---|---|---|---|
| 001 | RU/IPR SMART/140821 | ||
| 856 | 4 | |u https://www.iprbookshop.ru/140821.html |z Перейти к просмотру издания | |
| 801 | 1 | |a RU |b IPR SMART |c 20250903 |g RCR | |
| 010 | |a 978-5-8149-3716-2 | ||
| 205 | |a Английский для технологов общественного питания = English for Catering Industry |b 2029-06-27 | ||
| 333 | |a Гарантированный срок размещения в ЭБС до 27.06.2029 (автопролонгация) | ||
| 100 | |a 20250903d2023 k y0rusy01020304ca | ||
| 105 | |a y j 000zy | ||
| 101 | 0 | |a rus | |
| 102 | |a RU | ||
| 200 | 1 | |a Английский для технологов общественного питания = English for Catering Industry |e учебное пособие |f Т. В. Долгова | |
| 700 | 1 | |a Долгова, |b Т. В. |4 070 | |
| 330 | |a Представлен комплекс прикладного материала по дисциплинам «Иностранный язык (английский)» и «Профессиональный иностранный язык (английский)». Издание содержит аутентичный текстовый материал, профессионально ориентированные тексты, упражнения, терминологический вокабуляр. Предназначено для аудиторной и самостоятельной работы студентов всех форм обучения по направлению 19.03.04 «Технология продукции и организация общественного питания». | ||
| 210 | |a Омск |c Омский государственный технический университет |d 2023 | ||
| 610 | 1 | |a английский язык | |
| 610 | 1 | |a иностранный язык | |
| 610 | 1 | |a лингвистика | |
| 610 | 1 | |a общественное питание | |
| 610 | 1 | |a пища | |
| 610 | 1 | |a приготовление | |
| 675 | |a 811.111 | ||
| 686 | |a 81.432 |2 rubbk | ||
| 300 | |a Книга находится в премиум-версии IPR SMART. | ||
| 106 | |a s | ||
| 230 | |a Электрон. дан. (1 файл) | ||
| 336 | |a Текст | ||
| 337 | |a электронный | ||
| 503 | 0 | |a Доступна эл. версия. IPR SMART | |
| 215 | |a 88 с. | ||